01318cam a22003614i 4500003000900000005001700009008004100026020001500067035002700082040003300109082002300142100004400165245008400209264006400293300003800357336002100395337002500416338002300441504003900464505028400503526001000787526001000797526001000807526001000817526000800827526000800835526000800843526000800851526000800859526000800867526000800875600007300883PE-LiUPU20250731173514.0150616s r 000 0 d a0664219195 a(Sirsi) i9780664219192 aPE-LiUPUbspacPE-LiUPUerda04a232.09015bG792211 aGrant, Robert Mc Queen,d1917-,eautor.10aJesus after the Gospels :bthe Christ of the second century /cRobert M. Grant. 1aLouisville, Kentacky :bWestminster John Knox Press,c1990. a134 páginas ;c23 centímetros atext2rdacontent aunmediated2rdamedia avolume2rdacarrier aBibliografía: páginas 115-131.0 aBiblical Christology: The Humanity of Christ.- Biblical Christology: The divinity of Christ.- Gnostic Christologies.- Christology in the Apostolic Fathers and Justin.- The Jewish Christian Christology of Theophilus.- Heresy and Christology.- Irenaeus' Theikigy and Christology. aSEG42 aSEG41 aSEG40 aSEG39 aP94 aP87 aP86 aP85 aP77 aP76 aP351 aJesucristoxHistoria de las doctrinasyIglesia primitiva, ca. 30-600